000 00257nam a22001217a 4500
999 _c53722
_d53722
008 181224b xxu||||| |||| 00| 0 eng d
041 _aeng
080 _a540
100 _a12
101 _aKIM
245 _aHealth Chemistry
_cHerron,J.D
942 _2udc
_cBK